000 00907namaa2200277 i 4500
003 EG-GICUC
005 20260616133332.0
008 260616s2008 ua aco|jr|||| 000 0 ara d
040 _aEG-GiCUC
_bara
_cEG-GiCUC
_dEG-GiCUC
_erda
043 _af-ua---
082 0 4 _221
_a962.1
_bI81
092 0 4 _221
_a962.1
_bI81
099 _a962.1 I81
100 1 _eمؤلف.
245 1 2 _aالاسكندرية عاصمة الثقافة الاسلامية 1429-2008 /
264 _a[غير محدد] :
_b[غير محدد]،
_c[2008]
300 _a176 صفحة :
_bإيضاحيات، صور ؛
_c24 سم
336 _2rdacontent
_atext
337 _2rdamedia
_aUnmediated
338 _2rdacarrier
_avolume
541 _aوزارة الثقافة ؛
_bالقاهرة ؛
_cإهداء ؛
_d2023.
650 1 _2qrmak
651 1 _2qrmak
_aالاسكندرية
_xثقافة
905 _aNermeen
942 _2ddc
_cBK
_e21
_n0
999 _c180554
_d180554